[Event "15th EUR-ch (w)"]
[Site "Plovdiv BUL"]
[Date "2014.07.15"]
[Round "9.28"]
[White "Ionescu, Irina"]
[Black "Guramishvili, Sopiko"]
[Result "0-1"]
[WhiteElo "2253"]
[BlackElo "2402"]
[EventDate "2014.07.06"]
[PlyCount "76"]

1.e4 c5 2.Nf3 d6 3.Bc4 Nc6 4.c3 Nf6 5.d3 g6 6.O-O Bg7 7.h3 O-O 8.Re1 a6 9.
Bb3 b5 10.a3 Bb7 11.Nbd2 e5 12.Nf1 d5 13.Bg5 d4 14.cxd4 cxd4 15.Rc1 Qd6 
16.Qd2 Nd7 17.Bh6 Nc5 18.Bxg7 Kxg7 19.Bd5 Nd8 20.Nxe5 Bxd5 21.Ng4 f5 22.
Qh6+ Kh8 23.e5 Qe7 24.Nf6 Bg8 25.Rxc5 Qxc5 26.Nd7 Nf7 27.Qf4 Qd5 28.Nxf8 
Rxf8 29.e6 Qd6 30.Qh4 Ne5 31.Qf4 Nc4 32.Qc1 Nb6 33.e7 Re8 34.b4 Rxe7 35.
Rxe7 Qxe7 36.Qc6 Qe6 37.Qc5 Qf6 38.Nd2 Bd5 0-1

[Event "15th EUR-ch (w)"]
[Site "Plovdiv BUL"]
[Date "2014.07.15"]
[Round "9.29"]
[White "Zawadzka, Jolanta"]
[Black "Mirzoeva, Elmira"]
[Result "1/2-1/2"]
[WhiteElo "2397"]
[BlackElo "2241"]
[EventDate "2014.07.06"]
[PlyCount "196"]

1.e4 c6 2.d4 d5 3.Nc3 dxe4 4.Nxe4 Bf5 5.Ng3 Bg6 6.Nh3 e6 7.Nf4 Bd6 8.Ngh5 
Bxh5 9.Nxh5 g6 10.Nf4 Nf6 11.g3 Nbd7 12.Bg2 O-O 13.O-O Nd5 14.Nd3 Re8 15.
c4 Ne7 16.b4 Nf5 17.Bb2 Bf8 18.a4 Nb6 19.Rc1 Bh6 20.Rc3 Nxd4 21.Nc5 e5 22.
a5 Nd7 23.Nxb7 Qc7 24.a6 Qb6 25.Rd3 Bg7 26.Qa4 Re6 27.c5 Qc7 28.Nd6 Rb8 
29.Bxd4 exd4 30.f4 Bf8 31.Nc4 Bxc5 32.bxc5 Nxc5 33.Qc2 Nxd3 34.Qxd3 Rd8 
35.Ne5 Kg7 36.Qc4 Rdd6 37.Rb1 Qa5 38.Bxc6 d3 39.Bf3 d2 40.Rd1 f6 41.Ng4 
Rxa6 42.Kg2 Rad6 43.Nf2 Qb6 44.Bd5 Re7 45.Rxd2 Qa5 46.Rd3 Red7 47.Bf3 Rxd3
48.Nxd3 Qd2+ 49.Nf2 a5 50.h4 Qe3 51.Bd5 Qd2 52.Be6 Rd8 53.Qc7+ Kh8 54.Qe7 
Qd4 55.h5 f5 56.hxg6 hxg6 57.Qg5 Kg7 58.Qe7+ Kh8 59.Bf7 Qd6 60.Qg5 Kg7 61.
Bxg6 Qf6 62.Qxf5 Qxg6 63.Qe5+ Qf6 64.Qc7+ Kg8 65.Qxa5 Qc6+ 66.Kh2 Qh6+ 67.
Nh3 Re8 68.Qb5 Qe6 69.Qg5+ Kf7 70.Qh5+ Ke7 71.Ng5 Qf5 72.Qe2+ Kd7 73.Qc4 
Rh8+ 74.Kg2 Re8 75.Kf3 Rc8 76.Qd4+ Kc6 77.Ne4 Qd5 78.Qa4+ Kb7 79.Qb4+ Kc6 
80.Ke3 Kc7 81.g4 Rb8 82.Qe7+ Kc6 83.Qf6+ Kc7 84.f5 Re8 85.Qc3+ Kb8 86.Qb4+
Kc7 87.Kf4 Qe5+ 88.Kf3 Qd5 89.f6 Qd3+ 90.Kf4 Qf1+ 91.Kg3 Qd3+ 92.Kf4 Qf1+ 
93.Ke3 Qxf6 94.Qc5+ Qc6 95.Qxc6+ Kxc6 96.Kf4 Rf8+ 97.Ke5 Rg8 98.g5 Rxg5+ 
1/2-1/2

[Event "15th EUR-ch (w)"]
[Site "Plovdiv BUL"]
[Date "2014.07.15"]
[Round "9.31"]
[White "Shadrina, Tatiana"]
[Black "Stiazhkina, Olga"]
[Result "0-1"]
[WhiteElo "2348"]
[BlackElo "2177"]
[EventDate "2014.07.06"]
[PlyCount "134"]

1.e4 e5 2.Nf3 Nc6 3.Bc4 Bc5 4.c3 Nf6 5.b4 Bb6 6.d3 d6 7.Nbd2 Ne7 8.Bb3 c6 
9.Nc4 Bc7 10.Bg5 Ng6 11.Nh4 h6 12.Nxg6 fxg6 13.Bh4 Qe7 14.O-O Be6 15.Re1 
O-O 16.d4 Kh7 17.d5 Bf7 18.a4 g5 19.Bg3 Rad8 20.Bc2 Kh8 21.Ne3 Bg6 22.dxc6
bxc6 23.f3 Nh5 24.a5 Nxg3 25.hxg3 d5 26.exd5 Bxc2 27.Qxc2 cxd5 28.Rad1 Qf7
29.Nf1 Qh5 30.g4 Qf7 31.Ne3 e4 32.fxe4 Qf4 33.Nf1 Qe5 34.Rd3 Rf4 35.Qd1 
Rdf8 36.Rf3 dxe4 37.Rxf4 Qxf4 38.Qd4 Be5 39.Qc5 Rf7 40.Qe3 Qf6 41.Rd1 Bxc3
42.Qxe4 Be5 43.Nh2 Rf8 44.Nf3 Bf4 45.b5 h5 46.gxh5 g4 47.Nd4 Qg5 48.Rd3 
Qh4 49.Kf1 Be3+ 50.Ke2 Qf2+ 51.Kd1 Bxd4 52.Rxd4 Qb2 53.Qd3 Qa1+ 54.Kc2 
Qxa5 55.Rxg4 Rf2+ 56.Kb3 Qa2+ 57.Kb4 Rd2 58.Qg6 Qb2+ 59.Kc5 Qa3+ 60.Rb4 
Qe3+ 61.Kc6 Qe7 62.Rc4 Re2 63.Rd4 Re6+ 64.Qxe6 Qxe6+ 65.Rd6 Qc4+ 66.Kb7 
Qxb5+ 67.Kxa7 Qxh5 0-1

[Event "15th EUR-ch (w)"]
[Site "Plovdiv BUL"]
[Date "2014.07.15"]
[Round "9.32"]
[White "Havlikova, Kristyna"]
[Black "Cosma, Elena-Luminita"]
[Result "1/2-1/2"]
[WhiteElo "2229"]
[BlackElo "2344"]
[EventDate "2014.07.06"]
[PlyCount "80"]

1.e4 e6 2.d4 d5 3.Nc3 Nf6 4.e5 Nfd7 5.f4 c5 6.Nf3 Nc6 7.Be3 a6 8.Qd2 b5 9.
Be2 b4 10.Nd1 Qb6 11.c3 Rb8 12.O-O bxc3 13.bxc3 Be7 14.Bd3 Qa5 15.Qe2 g6 
16.g4 cxd4 17.cxd4 Nb4 18.f5 gxf5 19.gxf5 Nxd3 20.Qxd3 Rg8+ 21.Kf2 exf5 
22.Rg1 Rxg1 23.Kxg1 Nf8 24.Bd2 Qb5 25.Qxb5+ axb5 26.Rb1 Be6 27.Kf2 Nd7 28.
Bb4 f4 29.Nc3 Rc8 30.Nxb5 Rc2+ 31.Bd2 Rxa2 32.Nc3 Ra3 33.Nb5 Ra2 34.Nc3 
Ra3 35.Nb5 Ra2 36.Nc3 Ra3 37.Nb5 Ra2 38.Nc3 Ra3 39.Nb5 Ra2 40.Nc3 Ra3 
1/2-1/2

[Event "15th EUR-ch (w)"]
[Site "Plovdiv BUL"]
[Date "2014.07.15"]
[Round "9.33"]
[White "Ptacnikova, Lenka"]
[Black "Dordzhieva, Dinara"]
[Result "0-1"]
[WhiteElo "2310"]
[BlackElo "2225"]
[EventDate "2014.07.06"]
[PlyCount "46"]

1.e4 c5 2.Nc3 Nc6 3.Bb5 Nd4 4.Nf3 g6 5.Bc4 Bg7 6.Nxd4 cxd4 7.Qf3 f5 8.Ne2 
Qa5 9.g4 d5 10.exd5 fxg4 11.Qb3 Nh6 12.Bb5+ Kd8 13.c3 Nf5 14.Bd3 Nh4 15.
Nxd4 Bxd4 16.cxd4 Nf3+ 17.Kd1 Bd7 18.Qxb7 Rc8 19.b4 Qa4+ 20.Ke2 Nxd4+ 21.
Kf1 Qd1+ 22.Kg2 Qf3+ 23.Kg1 Rf8 0-1

[Event "15th EUR-ch (w)"]
[Site "Plovdiv BUL"]
[Date "2014.07.15"]
[Round "9.35"]
[White "Topel, Zehra"]
[Black "Ohme, Melanie"]
[Result "0-1"]
[WhiteElo "2170"]
[BlackElo "2352"]
[EventDate "2014.07.06"]
[PlyCount "122"]

1.d4 Nf6 2.c4 g6 3.Nc3 Bg7 4.e4 d6 5.f3 O-O 6.Be3 a6 7.a4 a5 8.Bd3 Na6 9.
Rc1 e5 10.Nge2 exd4 11.Nxd4 Nd7 12.O-O Ndc5 13.Bb1 Re8 14.Rc2 c6 15.Rcf2 
Qb6 16.f4 f5 17.g4 Qc7 18.gxf5 gxf5 19.e5 dxe5 20.Nxf5 Bxf5 21.Bxf5 e4 22.
Rg2 Kh8 23.Bd4 Re7 24.Nxe4 Nxe4 25.Bxe4 Rd8 26.Bxg7+ Rxg7 27.Qh5 Qe7 28.
Rxg7 Qxg7+ 29.Kh1 Qe7 30.Qe5+ Qxe5 31.fxe5 Nc5 32.Re1 Nxa4 33.e6 Re8 34.
Bf5 Kg7 35.Bg4 Re7 36.b3 Nc5 37.Re3 Kf6 38.h3 Nxe6 39.Rf3+ Kg7 40.Re3 Kf6 
41.Rf3+ Kg7 42.Re3 Kf7 43.Rf3+ Ke8 44.Rf5 Nd4 45.Rxa5 Nxb3 46.Ra8+ Kf7 47.
Rd8 Kf6 48.Kg2 Ke5 49.Kf3 Na5 50.Rf8 Nxc4 51.Rf5+ Kd4 52.Rf4+ Kc3 53.Kg3 
b5 54.Bf5 b4 55.Rh4 b3 56.Bxh7 b2 57.Bb1 Nd2 58.Bf5 Re3+ 59.Kg2 Re5 60.Bh7
Re7 61.Bf5 Rf7 0-1

[Event "15th EUR-ch (w)"]
[Site "Plovdiv BUL"]
[Date "2014.07.15"]
[Round "9.36"]
[White "Kulon, Klaudia"]
[Black "Pavlidou, Ekaterini"]
[Result "1-0"]
[WhiteElo "2341"]
[BlackElo "2209"]
[EventDate "2014.07.06"]
[PlyCount "75"]

1.c4 Nf6 2.g3 e5 3.Bg2 d5 4.cxd5 Nxd5 5.Nc3 Nb6 6.Nf3 Nc6 7.a3 a5 8.d3 Be7
9.Be3 O-O 10.Rc1 a4 11.O-O Be6 12.Bxb6 cxb6 13.Nxa4 e4 14.Ne1 Nd4 15.Nc3 
Bg5 16.e3 exd3 17.Qxd3 Nb3 18.Rc2 Nc5 19.Qe2 Bf5 20.Rd2 Qc8 21.f4 Bd8 22.
e4 Bd7 23.Nf3 Bg4 24.Qc4 Be6 25.Nd5 b5 26.Qe2 Bxd5 27.Rxd5 Bb6 28.Kh1 Re8 
29.e5 b4 30.axb4 Nb3 31.Qd3 Nc1 32.Qb5 Be3 33.Ng5 Rf8 34.Rd7 Ra6 35.Bxb7 
Rb6 36.Qd5 Rxb7 37.Rxb7 Qa8 38.Nxf7 1-0

[Event "15th EUR-ch (w)"]
[Site "Plovdiv BUL"]
[Date "2014.07.15"]
[Round "9.38"]
[White "Golubenko, Valentina"]
[Black "Isgandarova, Khayala"]
[Result "1-0"]
[WhiteElo "2292"]
[BlackElo "2184"]
[EventDate "2014.07.06"]
[PlyCount "61"]

1.d4 Nf6 2.Nf3 g6 3.g3 Bg7 4.Bg2 d6 5.O-O O-O 6.c4 Nc6 7.Nc3 a6 8.h3 Rb8 
9.e4 b5 10.d5 Na5 11.cxb5 axb5 12.b4 Nd7 13.Nd4 Nc4 14.Nc6 Qe8 15.Nxb8 
Nxb8 16.Qb3 c6 17.Rb1 cxd5 18.Nxd5 e6 19.Ne3 Ba6 20.Qd1 Qe7 21.Nxc4 bxc4 
22.b5 Bb7 23.Ba3 Rd8 24.Rc1 Qc7 25.Qe2 Qa5 26.Qxc4 Qxa3 27.Qc7 Rc8 28.Qxb7
Rxc1 29.Qxb8+ Bf8 30.Rxc1 Qxc1+ 31.Bf1 1-0

[Event "15th EUR-ch (w)"]
[Site "Plovdiv BUL"]
[Date "2014.07.15"]
[Round "9.39"]
[White "Petrenko, Svetlana"]
[Black "Galoian, Lilit"]
[Result "1-0"]
[WhiteElo "2183"]
[BlackElo "2277"]
[EventDate "2014.07.06"]
[PlyCount "73"]

1.e4 c5 2.Nf3 e6 3.c4 Nc6 4.Nc3 Nf6 5.g3 d6 6.Bg2 Be7 7.O-O O-O 8.d4 cxd4 
9.Nxd4 Ne5 10.b3 a6 11.h3 Qc7 12.f4 Nc6 13.Be3 Nxd4 14.Bxd4 Nd7 15.Rc1 Rb8
16.Kh1 b6 17.g4 Bb7 18.g5 f5 19.gxf6 Bxf6 20.f5 Bxd4 21.Qxd4 exf5 22.Nd5 
Bxd5 23.Qxd5+ Kh8 24.Rxf5 Nf6 25.Qd4 Rfe8 26.Rg1 Re5 27.Rf4 Rbe8 28.Bf3 
Ra5 29.Rxf6 Rxa2 30.Qxd6 Qc8 31.Qg3 Qd7 32.Rxb6 Qf7 33.Rb8 Rf8 34.Rxf8+ 
Qxf8 35.e5 g6 36.e6 Qf6 37.Re1 1-0

[Event "15th EUR-ch (w)"]
[Site "Plovdiv BUL"]
[Date "2014.07.15"]
[Round "9.40"]
[White "Olsarova, Karolina"]
[Black "Petrukhina, Irina"]
[Result "0-1"]
[WhiteElo "2274"]
[BlackElo "2156"]
[EventDate "2014.07.06"]
[PlyCount "72"]

1.e4 c5 2.Nf3 d6 3.Bb5+ Bd7 4.Bxd7+ Qxd7 5.c4 Nf6 6.Nc3 g6 7.d4 cxd4 8.
Nxd4 Bg7 9.f3 Qc7 10.Be3 Qxc4 11.Rc1 Qb4 12.Nb3 Na6 13.O-O O-O 14.a3 Qc4 
15.Nd5 Nxd5 16.Rxc4 Nxe3 17.Qe2 Nxc4 18.Qxc4 Bxb2 19.a4 Rac8 20.Qe2 Bg7 
21.f4 Nc5 22.Nxc5 Rxc5 23.h4 Rfc8 24.Qd3 Ra5 25.Rb1 b6 26.Rb4 Bf6 27.Qh3 
Rc1+ 28.Kf2 Rac5 29.g3 R5c2+ 30.Kf3 Ra1 31.Rb3 Bd4 32.Qd7 h5 33.e5 Re1 34.
g4 Rf2+ 35.Kg3 Rg1+ 36.Kh3 hxg4+ 0-1

[Event "15th EUR-ch (w)"]
[Site "Plovdiv BUL"]
[Date "2014.07.15"]
[Round "9.41"]
[White "Foisor, Mihaela-Veronica"]
[Black "Galunova, Tsveta"]
[Result "1-0"]
[WhiteElo "2257"]
[BlackElo "2125"]
[EventDate "2014.07.06"]
[PlyCount "85"]

1.d4 Nf6 2.c4 d6 3.Nf3 g6 4.Nc3 Bf5 5.Bg5 Ne4 6.Nxe4 Bxe4 7.Nd2 Bc6 8.d5 
Bd7 9.Qb3 Na6 10.Qc3 f6 11.g3 Bg7 12.Bg2 O-O 13.Be3 c5 14.O-O b5 15.Rae1 
f5 16.Qc1 Rb8 17.b3 Qa5 18.Bg5 Rfe8 19.cxb5 Qxb5 20.Nc4 Nb4 21.Qd2 a5 22.
e4 Bf8 23.a3 Na6 24.Nxa5 Ra8 25.e5 Nb8 26.b4 Na6 27.e6 Bc8 28.Rb1 cxb4 29.
axb4 Bb7 30.Rfd1 Bg7 31.Bf1 Qb6 32.Be3 Qc7 33.Rdc1 Qb8 34.Bb5 Rc8 35.Nxb7 
Qxb7 36.Bc6 Qb8 37.Bxa8 Qxa8 38.Rxc8+ Qxc8 39.b5 Nc5 40.Bxc5 dxc5 41.b6 c4
42.b7 Qb8 43.Qa2 1-0

[Event "15th EUR-ch (w)"]
[Site "Plovdiv BUL"]
[Date "2014.07.15"]
[Round "9.42"]
[White "Stiazhkina, Anna"]
[Black "Salimova, Nurgyul"]
[Result "0-1"]
[WhiteElo "2220"]
[BlackElo "1908"]
[EventDate "2014.07.06"]
[PlyCount "82"]

1.e4 c6 2.c4 d5 3.exd5 cxd5 4.cxd5 Nf6 5.Nc3 Nxd5 6.Nf3 Nc6 7.Bc4 e6 8.O-O
Be7 9.d4 O-O 10.Re1 Bf6 11.Ne4 h6 12.b3 b6 13.Nxf6+ Nxf6 14.Ba3 Re8 15.Rc1
Bb7 16.Re2 a6 17.Rec2 b5 18.Bd3 Qa5 19.Bc5 Nd5 20.a4 b4 21.Nd2 Qc7 22.Ne4 
Rad8 23.Qf1 f5 24.Nd2 a5 25.Nc4 Qf4 26.g3 Qc7 27.Qh3 Nc3 28.Qh5 Qb8 29.Re1
Rd5 30.Ne3 Rxc5 31.dxc5 Ne5 32.Nxf5 exf5 33.Re3 Rd8 34.Qxf5 Nxd3 35.Rxd3 
Rxd3 36.Qxd3 Qe5 37.f4 Qxc5+ 38.Kf1 Qc6 39.Qe3 Qh1+ 40.Qg1 Ba6+ 41.Kf2 
Ne4+ 0-1

[Event "15th EUR-ch (w)"]
[Site "Plovdiv BUL"]
[Date "2014.07.15"]
[Round "9.43"]
[White "Mareckova, Martina"]
[Black "Sandu, Mihaela"]
[Result "0-1"]
[WhiteElo "2094"]
[BlackElo "2308"]
[EventDate "2014.07.06"]
[PlyCount "76"]

1.e4 c5 2.d4 cxd4 3.c3 Nf6 4.e5 Nd5 5.Nf3 e6 6.cxd4 d6 7.Nc3 Nc6 8.Nxd5 
exd5 9.Be2 Be7 10.O-O O-O 11.Bf4 Be6 12.Qd2 dxe5 13.Nxe5 Qb6 14.Rfd1 Rac8 
15.Rac1 Rfd8 16.Nxc6 bxc6 17.Be3 a5 18.b3 Ra8 19.Bd3 g6 20.Qc2 Rdc8 21.Qe2
a4 22.bxa4 Rxa4 23.Rb1 Qa7 24.Rb2 Ra8 25.Rc1 Ba3 26.Bb1 Bxb2 27.Qxb2 Rb8 
28.Qe2 Rc4 29.Re1 Rcb4 30.Bd3 Rb2 31.Qf3 Qa5 32.Rf1 Qd8 33.Bf4 Ra8 34.Bb1 
Qf6 35.Qe3 Bf5 36.Be5 Qe6 37.Bxf5 Qxf5 38.Qc3 Rb1 0-1

[Event "15th EUR-ch (w)"]
[Site "Plovdiv BUL"]
[Date "2014.07.15"]
[Round "9.44"]
[White "Mammadova, Narmin"]
[Black "Dragomirescu, Angela"]
[Result "1/2-1/2"]
[WhiteElo "2019"]
[BlackElo "2251"]
[EventDate "2014.07.06"]
[PlyCount "126"]

1.e4 d6 2.d4 Nf6 3.Nc3 e5 4.Nf3 Nbd7 5.Be2 Be7 6.O-O O-O 7.h3 c6 8.Be3 Re8
9.a3 Bf8 10.dxe5 dxe5 11.Bc4 h6 12.Qe2 b5 13.Ba2 Qc7 14.Nh4 Bc5 15.Nf5 Rf8
16.Qf3 Kh7 17.Rad1 Bxe3 18.fxe3 Ne8 19.Qg3 Nc5 20.Nh4 Be6 21.Ng6 Rg8 22.
Bxe6 Nxe6 23.Nxe5 Nf6 24.Rf5 Rad8 25.Rdf1 Rd2 26.R1f2 Rxf2 27.Qxf2 Nc5 28.
Qf3 Re8 29.Ng4 Ncd7 30.Nxf6+ Nxf6 31.Kh1 a5 32.Rf4 Qd6 33.Qd1 Qxd1+ 34.
Nxd1 Rxe4 35.Rf3 Rc4 36.c3 Kg8 37.Nf2 Kf8 38.Kg1 Rc5 39.Kf1 Rd5 40.Ke2 Ke7
41.e4 Rd8 42.Ke3 Nd7 43.Nd3 f6 44.h4 Nb6 45.h5 Kd6 46.Rf5 Nc4+ 47.Kf3 Re8 
48.Rf4 a4 49.g4 Re7 50.Ke2 Nb6 51.Kd2 Nd7 52.Ke3 Re8 53.Kf3 Nf8 54.Rf5 Nd7
55.Rf4 c5 56.Rf5 Re7 57.Rd5+ Kc6 58.Kf4 Re8 59.Kf5 Re7 60.Kf4 Re8 61.Kf5 
Re7 62.Kf4 Re8 63.Kf5 Re7 1/2-1/2

[Event "15th EUR-ch (w)"]
[Site "Plovdiv BUL"]
[Date "2014.07.15"]
[Round "9.45"]
[White "Kaya, Emel"]
[Black "Tsolakidou, Stavroula"]
[Result "0-1"]
[WhiteElo "1987"]
[BlackElo "2157"]
[EventDate "2014.07.06"]
[PlyCount "104"]

1.e4 c5 2.Nf3 d6 3.Bb5+ Nd7 4.d4 Nf6 5.Nc3 cxd4 6.Qxd4 e5 7.Qd3 h6 8.Be3 
Be7 9.O-O a6 10.Bc4 O-O 11.Nh4 d5 12.exd5 e4 13.Qe2 Ne5 14.Bf4 Nxc4 15.
Qxc4 b5 16.Qd4 Ne8 17.g3 g5 18.d6 Bf6 19.Qxe4 Bh3 20.Rfd1 gxf4 21.d7 Nc7 
22.Qxf4 Ne6 23.Qb4 Bxh4 24.gxh4 Kh8 25.Rd3 Rg8+ 26.Rg3 Qxd7 27.Rd1 Qc6 28.
Qe4 Qxe4 29.Nxe4 Nf4 30.Rd2 Rgd8 31.Nd6 Rxd6 32.Rxd6 Ne2+ 33.Kh1 Nxg3+ 34.
hxg3 Be6 35.a3 Kg7 36.Kg2 Kf6 37.f3 Ke7 38.Rd2 h5 39.Re2 Rc8 40.c3 Rc5 41.
Kf2 Kd6 42.f4 Bg4 43.Re8 Rc8 44.Re4 Kd5 45.Rd4+ Kc5 46.a4 Re8 47.axb5 Re2+
48.Kf1 Kxb5 49.Rb4+ Kc5 50.Rb7 f5 51.Rb4 Rc2 52.Kg1 a5 0-1

[Event "15th EUR-ch (w)"]
[Site "Plovdiv BUL"]
[Date "2014.07.15"]
[Round "9.46"]
[White "Ivanova, Simoneta"]
[Black "Blagojevic, Tijana"]
[Result "1/2-1/2"]
[WhiteElo "2038"]
[BlackElo "2154"]
[EventDate "2014.07.06"]
[PlyCount "89"]

1.e4 e5 2.Nf3 Nc6 3.d4 exd4 4.Nxd4 Nf6 5.Nxc6 bxc6 6.e5 Qe7 7.Qe2 Nd5 8.
Nd2 Bb7 9.Nf3 Qb4+ 10.Qd2 Qe4+ 11.Be2 Ba6 12.Kf1 Bb4 13.Qd1 Bxe2+ 14.Qxe2 
Qxe2+ 15.Kxe2 O-O 16.c3 Bc5 17.c4 Nb6 18.b3 Rae8 19.Be3 Bxe3 20.fxe3 f6 
21.exf6 Rxf6 22.Rhd1 a5 23.Rd3 d6 24.Rf1 Nd7 25.Nd4 Rxf1 26.Kxf1 Ne5 27.
Rc3 Kf7 28.c5 d5 29.h3 Rb8 30.a3 Ke8 31.e4 dxe4 32.Re3 Kd7 33.Rxe4 Nd3 34.
Rh4 h6 35.Rh5 Nc1 36.Rf5 Ke8 37.Nxc6 Rxb3 38.Nxa5 Rxa3 39.c6 Nb3 40.Re5+ 
Kf7 41.Nxb3 Rxb3 42.Rd5 Re3 43.Kf2 Re7 44.Rd8 Re6 45.Rd7+ 1/2-1/2

[Event "15th EUR-ch (w)"]
[Site "Plovdiv BUL"]
[Date "2014.07.15"]
[Round "9.47"]
[White "Sargsian, Shushanna"]
[Black "Sazonova, Anastasia"]
[Result "0-1"]
[WhiteElo "2107"]
[BlackElo "2082"]
[EventDate "2014.07.06"]
[PlyCount "128"]

1.c4 Nf6 2.Nc3 g6 3.g3 Bg7 4.Bg2 d6 5.Nf3 O-O 6.O-O e5 7.d3 Re8 8.Ne1 c6 
9.e4 Nbd7 10.Rb1 a5 11.a3 Nc5 12.b4 axb4 13.axb4 Ne6 14.Nc2 Nc7 15.Bg5 h6 
16.Bxf6 Bxf6 17.b5 Ne6 18.Ne2 Qc7 19.f4 Bg7 20.f5 Nc5 21.fxg6 fxg6 22.Nc3 
Be6 23.Qe2 Rf8 24.Rxf8+ Rxf8 25.Ne1 h5 26.Qd2 Kh7 27.Nf3 Bh6 28.Qe2 Bg4 
29.h3 Bxf3 30.Bxf3 Ne6 31.Bg2 Nd4 32.Qa2 Be3+ 33.Kh1 Rf2 34.Rb2 Qf7 35.
Rxf2 Bxf2 36.bxc6 bxc6 37.c5 Qxa2 38.Nxa2 dxc5 39.Kh2 Be1 40.Bf1 Bd2 41.h4
Kg7 42.Kg2 Kf6 43.Kf2 Ke7 44.Bh3 Kd6 45.Bc8 c4 46.dxc4 Kc5 47.Ba6 Kb6 48.
Bc8 Ka5 49.Bd7 Ka4 50.Be8 Ka3 51.Bxg6 Kxa2 52.Bxh5 Kb3 53.Bf7 Kc3 54.g4 
Kd3 55.Bg6 Kxc4 56.g5 Bf4 57.Kg2 Kd3 58.Kh3 c5 59.Kg4 c4 60.Be8 c3 61.Ba4 
Kxe4 62.h5 Ne6 63.g6 Ng7 64.Bc2+ Ke3 0-1

[Event "15th EUR-ch (w)"]
[Site "Plovdiv BUL"]
[Date "2014.07.15"]
[Round "9.48"]
[White "Yordanova, Svetla"]
[Black "Amrayeva, Aytan"]
[Result "0-1"]
[WhiteElo "2101"]
[BlackElo "2065"]
[EventDate "2014.07.06"]
[PlyCount "62"]

1.d4 e6 2.e4 d5 3.Nd2 Nf6 4.Bd3 c5 5.e5 Nfd7 6.c3 Nc6 7.Ne2 Qb6 8.Nf3 cxd4
9.cxd4 f6 10.exf6 Nxf6 11.O-O Bd6 12.a3 a5 13.Nc3 O-O 14.Bg5 Bd7 15.Bh4 
Be8 16.Nb5 Bf4 17.Qe2 Ne4 18.Nc3 Bh5 19.Bxe4 dxe4 20.Qxe4 Bxf3 21.Qxe6+ 
Kh8 22.gxf3 Rae8 23.Qg4 Nxd4 24.Rfe1 Qxb2 25.Nd5 Be5 26.Rab1 Qa2 27.Nc3 
Qc4 28.Rxe5 Rxe5 29.Rxb7 Nxf3+ 30.Qxf3 Rxf3 31.Rb8+ Qg8 0-1

[Event "15th EUR-ch (w)"]
[Site "Plovdiv BUL"]
[Date "2014.07.15"]
[Round "9.49"]
[White "Vovk, Oksana"]
[Black "Azimova, Karina"]
[Result "0-1"]
[WhiteElo "2083"]
[BlackElo "2033"]
[EventDate "2014.07.06"]
[PlyCount "58"]

1.d4 Nf6 2.c4 e6 3.Nf3 d5 4.Nc3 c5 5.cxd5 Nxd5 6.e4 Nxc3 7.bxc3 cxd4 8.
cxd4 Bb4+ 9.Bd2 Bxd2+ 10.Qxd2 O-O 11.Bc4 Nd7 12.O-O b6 13.e5 Bb7 14.Qe2 
Rc8 15.Rac1 Qe7 16.Ba6 Rxc1 17.Rxc1 Qa3 18.Bxb7 Qxc1+ 19.Ne1 Rd8 20.Qf1 
Nxe5 21.f4 Ng4 22.Nf3 Qxf1+ 23.Kxf1 Ne3+ 24.Ke2 Nxg2 25.f5 Nf4+ 26.Ke3 
Nd5+ 27.Kd3 Rb8 28.Bxd5 exd5 29.Ne5 Rc8 0-1

[Event "15th EUR-ch (w)"]
[Site "Plovdiv BUL"]
[Date "2014.07.15"]
[Round "9.50"]
[White "Antova, Gabriela"]
[Black "Paramzina, Anastasia"]
[Result "0-1"]
[WhiteElo "1876"]
[BlackElo "2117"]
[EventDate "2014.07.06"]
[PlyCount "90"]

1.c4 e6 2.e4 d5 3.cxd5 exd5 4.exd5 Qxd5 5.Nc3 Qd8 6.d4 Nf6 7.Bc4 Be7 8.Nf3
O-O 9.O-O Bg4 10.Re1 Nbd7 11.Qd3 Bh5 12.Ne5 c5 13.Qh3 Nb6 14.d5 Bd6 15.Bd3
Re8 16.f4 c4 17.Be4 Nxe4 18.Rxe4 Bxe5 19.Rxe5 Bg6 20.Be3 Rxe5 21.fxe5 Nxd5
22.Nxd5 Qxd5 23.Qg3 b5 24.a3 a5 25.Bf4 Rc8 26.Qe3 Rd8 27.Bg5 Re8 28.Bf4 b4
29.axb4 axb4 30.Ra7 h6 31.Qd2 Bd3 32.Ra1 Qd4+ 33.Qf2 Qd5 34.Qd2 Rc8 35.Rd1
Qb5 36.Kh1 Bf5 37.Rc1 c3 38.bxc3 bxc3 39.Qf2 Be4 40.h3 c2 41.Qh4 Qe2 42.
Qg4 Qxg4 43.hxg4 g5 44.Be3 Rc3 45.Bd4 Rg3 0-1

[Event "15th EUR-ch (w)"]
[Site "Plovdiv BUL"]
[Date "2014.07.15"]
[Round "9.51"]
[White "Vasova, Maria"]
[Black "Shabanaj, Eglantina"]
[Result "1-0"]
[WhiteElo "1991"]
[BlackElo "2046"]
[EventDate "2014.07.06"]
[PlyCount "83"]

1.e4 c6 2.d4 d5 3.e5 Bf5 4.Nc3 e6 5.g4 Bg6 6.h4 h6 7.Bd3 Bxd3 8.Qxd3 Be7 
9.Nf3 Nd7 10.Be3 Qc7 11.O-O-O O-O-O 12.Kb1 a6 13.Na4 b5 14.Nc5 Bxc5 15.
dxc5 Ne7 16.Rhe1 Kb7 17.Bd4 a5 18.h5 Ra8 19.Nh4 a4 20.f4 b4 21.f5 Ra5 22.
fxe6 fxe6 23.Ng6 Nxg6 24.Qxg6 Nxc5 25.Rf1 Nd7 26.Qxg7 Rd8 27.Rf7 c5 28.Bf2
c4 29.Bh4 Raa8 30.Bxd8 Rxd8 31.g5 hxg5 32.h6 Kc6 33.h7 Qxe5 34.Rxd7 Qe2 
35.Rc7+ Kd6 36.Rc1 b3 37.Qe7+ Ke5 38.Qxg5+ Ke4 39.Qxd8 bxc2+ 40.Rxc2 Qd1+ 
41.Rc1 Qd3+ 42.Ka1 1-0

[Event "15th EUR-ch (w)"]
[Site "Plovdiv BUL"]
[Date "2014.07.15"]
[Round "9.52"]
[White "Sop, Selen"]
[Black "Nevioselaya, Maria"]
[Result "1-0"]
[WhiteElo "1970"]
[BlackElo "2039"]
[EventDate "2014.07.06"]
[PlyCount "99"]

1.e4 c6 2.d4 d5 3.Nc3 dxe4 4.Nxe4 Bf5 5.Ng3 Bg6 6.N1e2 e6 7.Nf4 Bd6 8.c3 
Nf6 9.h4 Bxf4 10.Bxf4 h6 11.h5 Bh7 12.Be2 O-O 13.Nf1 Nd5 14.Bg3 Nd7 15.Nd2
Re8 16.Nf3 N7f6 17.Ne5 Ne4 18.Bh4 Qb6 19.Qb3 Qc7 20.f3 Nc5 21.Qa3 Nd7 22.
Nxd7 Qxd7 23.Kf2 e5 24.dxe5 Rxe5 25.Bg3 Re6 26.Rad1 Qe8 27.Bc4 b5 28.Bxd5 
Re2+ 29.Kg1 cxd5 30.Kh2 Qe3 31.Rhf1 Qg5 32.Qd6 Rd8 33.Qc6 Qxh5+ 34.Kg1 Qf5
35.Rde1 Rxe1 36.Rxe1 Bg6 37.Qxb5 Kh7 38.a3 Qg5 39.Bf2 h5 40.Qb7 Qd2 41.Qc7
Ra8 42.b4 Qa2 43.Qb7 Rd8 44.Qxa7 Rc8 45.Bd4 h4 46.Qe7 Qxa3 47.Qxh4+ Kg8 
48.Qg5 Qb3 49.Qe5 f6 50.Qe6+ 1-0

[Event "15th EUR-ch (w)"]
[Site "Plovdiv BUL"]
[Date "2014.07.15"]
[Round "9.53"]
[White "Bokuchava, Madona"]
[Black "Litvinenko, Ekaterina"]
[Result "1-0"]
[WhiteElo "2027"]
[BlackElo "1978"]
[EventDate "2014.07.06"]
[PlyCount "73"]

1.d4 c5 2.d5 Nf6 3.Nc3 g6 4.e4 d6 5.Nf3 Bg7 6.Nd2 O-O 7.Be2 e6 8.dxe6 Bxe6
9.O-O Nc6 10.Nb3 a6 11.Bf4 Ne8 12.a4 Nd4 13.Nxd4 Bxd4 14.Bh6 Ng7 15.Qd2 
Qb6 16.a5 Qc7 17.Ra4 Rad8 18.Bf3 f6 19.Be3 Bxe3 20.Qxe3 Rfe8 21.Qd2 Qf7 
22.Rd1 Bd7 23.Ra3 Bc6 24.Nd5 Ne6 25.c3 Ng5 26.Qf4 Nxf3+ 27.gxf3 Bxd5 28.
Rxd5 Re5 29.c4 Rxd5 30.cxd5 Kg7 31.Rb3 Qc7 32.Rb6 Kf7 33.e5 dxe5 34.Qxf6+ 
Kg8 35.d6 Qc8 36.Rxb7 Rd7 37.Qe6+ 1-0

[Event "15th EUR-ch (w)"]
[Site "Plovdiv BUL"]
[Date "2014.07.15"]
[Round "9.54"]
[White "Soyunlu, Narmin"]
[Black "Avramidou, Anastasia"]
[Result "0-1"]
[WhiteElo "1936"]
[BlackElo "2007"]
[EventDate "2014.07.06"]
[PlyCount "82"]

1.c4 Nf6 2.g3 d5 3.cxd5 Nxd5 4.Bg2 g6 5.Nc3 Nb6 6.d3 Bg7 7.Be3 Nc6 8.Nf3 
O-O 9.Qd2 e5 10.Bh6 Bxh6 11.Qxh6 f6 12.Qc1 Nd4 13.Nd2 c6 14.e3 Nf5 15.Qc2 
Be6 16.O-O Qe7 17.Nce4 Rad8 18.Nc5 Bf7 19.Nf3 Kg7 20.a3 Rd6 21.b4 h5 22.h3
Rfd8 23.Qb2 Nh6 24.Rac1 Bd5 25.a4 Nc8 26.a5 b6 27.axb6 axb6 28.Na4 Nf7 29.
Rfd1 Qe6 30.Rc3 Bxf3 31.Bxf3 Ng5 32.Bg2 Nxh3+ 33.Kh2 Ng5 34.Rdc1 Ne7 35.
Nxb6 h4 36.gxh4 Rh8 37.Rc4 e4 38.dxe4 Rxh4+ 39.Kg1 Qg4 40.f3 Nxf3+ 41.Kf1 
Rd2 0-1

[Event "15th EUR-ch (w)"]
[Site "Plovdiv BUL"]
[Date "2014.07.15"]
[Round "9.55"]
[White "Radeva, Viktoria"]
[Black "Olea, Liliana"]
[Result "1-0"]
[WhiteElo "1937"]
[BlackElo "1951"]
[EventDate "2014.07.06"]
[PlyCount "49"]

1.e4 e5 2.Nf3 Nc6 3.d4 exd4 4.Nxd4 Qh4 5.Nc3 Bb4 6.Be2 Nf6 7.O-O Bxc3 8.
Nf5 Qxe4 9.Bd3 Qg4 10.f3 Qb4 11.bxc3 Qc5+ 12.Be3 Qf8 13.Qe1 Ne7 14.Nxe7 
Qxe7 15.Qf2 O-O 16.Rfe1 d6 17.Qh4 Be6 18.Bxh7+ Kh8 19.Bg5 Rfe8 20.Re3 Rad8
21.Rae1 d5 22.g4 d4 23.Bxf6 Qxf6 24.g5 Qe7 25.Bf5+ 1-0

[Event "15th EUR-ch (w)"]
[Site "Plovdiv BUL"]
[Date "2014.07.15"]
[Round "9.56"]
[White "Krasteva, Beloslava"]
[Black "Kouvatsou, Maria"]
[Result "1-0"]
[WhiteElo "1361"]
[BlackElo "2152"]
[EventDate "2014.07.06"]
[PlyCount "133"]

1.d4 Nf6 2.Nf3 g6 3.c4 Bg7 4.Nc3 O-O 5.e4 d6 6.Be2 e5 7.d5 a5 8.O-O Nbd7 
9.Qc2 h6 10.h3 Nh7 11.Nh2 f5 12.f4 Qe7 13.exf5 gxf5 14.fxe5 Nxe5 15.Nf3 
Bd7 16.Bf4 Rae8 17.Rae1 Ng5 18.Kh1 Qf6 19.Nd2 Re7 20.Bh2 Rfe8 21.Bh5 Ng6 
22.Rxe7 Rxe7 23.Bg4 Rf7 24.Bh5 Re7 25.Bg4 Rf7 26.Bh5 Kh7 27.h4 Nxh4 28.
Bxf7 Qxf7 29.Nde4 Nxe4 30.Nxe4 Qh5 31.Ng3 Qg5 32.Qe2 Kg6 33.Qf2 Be5 34.Ne4
Qg4 35.Bxe5 dxe5 36.Nc5 Bc8 37.g3 Qh3+ 38.Kg1 Qg4 39.Kh2 Qxc4 40.gxh4 Qxd5
41.Qg2+ Qxg2+ 42.Kxg2 b6 43.Nd3 Kf6 44.Re1 Bb7+ 45.Kf2 Be4 46.Ke3 a4 47.
Rc1 c5 48.Nxc5 bxc5 49.Rxc5 Bb1 50.Rc6+ Kg7 51.Rc4 f4+ 52.Kf3 Bxa2 53.Rxa4
Bd5+ 54.Kf2 Kf6 55.Ra6+ Be6 56.b4 Kf5 57.Ra5 Bc8 58.b5 e4 59.b6+ Kg4 60.
Ra7 e3+ 61.Ke2 Kxh4 62.b7 Bg4+ 63.Kd3 Bf5+ 64.Kd4 e2 65.Ra1 f3 66.b8=Q Kh3
67.Rh1+ 1-0